LEADER 01418cam0-22004691i-450 001 990000684570403321 005 20190730095027.0 010 $a88.204.7725.4 010 $a88-204-7725-4 035 $a000068457 035 $aFED01000068457 035 $a(Aleph)000068457FED01 035 $a000068457 100 $a20020821d1992----km-y0itay50------ba 101 0 $aita 102 $aIT 105 $ay-------001yy 200 1 $a<>valutazione dei caratteri del territorio nella pianificazione$emetodi ed applicazioni$fSergio Vacca 210 $aMilano$cFrancoAngeli$d1992 215 $a123 p.$d22 cm 225 1 $aEnciclopedia di Urbanistica e pianificazione territoriale$v1 610 0 $aSuolo 610 0 $aTereno agrario - Utilizzazione - Valutazione 610 0 $aPianificazione territoriale 676 $a711 676 $a333.7614 700 1$aVaccà,$bSergio$f<1926- >$072333 801 0$aIT$bUNINA$gRICA$2UNIMARC 901 $aBK 912 $a990000684570403321 952 $aA-G 0778$bB.F.L.F. 57121$fILFGE 952 $a60 711 VACS 1992$b5362$fFAGBC 952 $aVII B 42 (1)$b21747$fFSPBC 952 $a62 711 VAC$bDEPA 7360$fDAGEA 952 $a01 E IV 8$b02323$fDINST 959 $aDINST 959 $aFAGBC 959 $aFSPBC 959 $aDAGEA 959 $aILFGE 996 $aValutazione dei caratteri del territorio nella pianificazione$9325723 997 $aUNINA LEADER 01092nam 2200361 450 001 9910796793403321 010 $a1-68108-397-3 035 $a(CKB)4100000001301030 035 $a(MiAaPQ)EBC5823681 035 $a(EXLCZ)994100000001301030 100 $a20190806d2019 uy 0 101 0 $aeng 135 $aurcnu|||||||| 181 $ctxt$2rdacontent 182 $cc$2rdamedia 183 $acr$2rdacarrier 200 00$aAnti-angiogenesis drug discovery and development$hVolume 4 /$fedited by Atta-ur-Rahman & M. Iqbal Chaudhary 210 1$aSharjah, U.A.E. :$cBentham Books,$d[2019] 210 4$d©2019 215 $a1 online resource (242 pages) 311 $a1-68108-398-1 606 $aNeovascularization inhibitors 615 0$aNeovascularization inhibitors. 676 $a616.994061 702 $aRahman$b Atta-ur-$f1942- 702 $aChaudhary$b M. Iqbal 801 0$bMiAaPQ 801 1$bMiAaPQ 801 2$bMiAaPQ 906 $aBOOK 912 $a9910796793403321 996 $aAnti-angiogenesis drug discovery and development$93714532 997 $aUNINA